000 00173nam a2200073Ia 4500
008 170524s9999 xx 000 0 und d
100 _aSINHAL- A.K
245 0 _aCOMPANY ACCOUNTS
260 _bNew Delhi : JBC
999 _c8543
_d8543